Word Ladder: Zeus' Ladies Quiz Stats

 Plays Quiz Updated Nov 12, 2012

Support Sporcle.
Go Orange.
Score 0/24 Timer 03:00
2 Plays Today
❤ HINT ❤ ❤ WORD ❤ % Correct
Jail roomCELL
91.3%
One tenth of a dimeCENT
89.9%
Spanish greetingHOLA
84.9%
Gave, for a whileLENT
84.4%
Suspenders alternativeBELT
84.3%
Ancient BritCELT
83.5%
Former soldiersVETS
83.1%
AllowsLETS
83.1%
Actress Headey or HorneLENA
75.6%
❤ ZEUS' FLASHY WEAPON ❤❤ BOLT ❤
75.6%
Actor ____ LugosiBELA
74.4%
OverruleVETO
74.1%
❤ HINT ❤ ❤ WORD ❤ % Correct
❤ ZEUS' MAIN SQUEEZE ❤❤ HERA ❤
72.9%
Gaucho's weaponBOLA
68.9%
❤ ZEUS' FLING, MOTHER OF APOLLO ❤❤ LETO ❤
67.5%
Flights of geeseVEES
66.5%
Balkan circle danceHORA
66.5%
Zeds, in AmericaZEES
61.2%
❤ RANDY DEITY ❤❤ ZEUS ❤
60.1%
Cotton tuftBOLL
57.3%
Luminous diodesLEDS
50.6%
Remove from a groupCULL
50.2%
❤ ZEUS' SWAN LOVER ❤❤ LEDA ❤
46.6%
❤ HOW ZEUS PICKED UP EUROPA ❤❤ BULL ❤
45.8%

Today's Daily Dose

Missing Word
'80s Musicals

Word Ladder
Hereditary

Get the Picture
Food Names

From the Vault

NBA Same Last Name Trios II

by Dreamcast0102

Sports 6m
Basketball players must be really messy eaters, they're always dribbling.
Remove Ads.
Support Sporcle.
Get the best of Sporcle when you Go Orange. This ad-free experience offers more features, more stats, and more fun while also helping to support Sporcle. Thank you for becoming a member.

Show Comments

Extras

Top Quizzes Today


Score Distribution

Your Account Isn't Verified!

In order to create a playlist on Sporcle, you need to verify the email address you used during registration. Go to your Sporcle Settings to finish the process.

Report this User

Report this user for behavior that violates our Community Guidelines.

Details: